[Event "Campeonato de España Individual"]
[Site "Cala Major-Palma de Mallorca"]
[Date "2009.09.27"]
[Round "2.25"]
[White "Vega Gutierrez, Sabrina"]
[Black "Gutierrez Castillo, Oscar"]
[Result "0-1"]
[WhiteElo "2357"]
[BlackElo "2130"]
[PlyCount "82"]
[EventDate "2009.09.26"]

1. e4 d5 2. exd5 Nf6 3. Bb5+ Bd7 4. Be2 Nxd5 5. d4 c5 6. c4 Nf6 7. d5 g6 8. Nc3
Bg7 9. Be3 Qa5 10. Qd2 O-O 11. h3 e6 12. Nf3 exd5 13. cxd5 Na6 14. O-O Rac8 15.
Bh6 Rfd8 16. Bxg7 Kxg7 17. Ne5 Be6 18. Nc4 Qc7 19. Nb5 Qb8 20. d6 Nb4 21. a4 a6
22. Nc7 Bxc4 23. Bxc4 Qxc7 24. Qxb4 cxb4 25. dxc7 Rxc7 26. b3 Ne4 27. Rad1 Nd2
28. Rfe1 Rcd7 29. Rc1 Rd4 30. Re7 R8d7 31. Rxd7 Rxd7 32. Rc2 Rd4 33. a5 Kf6 34.
g3 Nxc4 35. bxc4 b3 36. Rb2 Rd1+ 37. Kg2 Rd3 38. Kf1 Ke5 39. Re2+ Kd4 40. Re7
b2 41. Rd7+ Kc3 0-1

[Event "Campeonato de España Individual"]
[Site "Cala Major-Palma de Mallorca"]
[Date "2009.09.27"]
[Round "2.26"]
[White "Ferreiro Pailos, Alejandro"]
[Black "Alvarez Fernandez, Enrique"]
[Result "0-1"]
[WhiteElo "2125"]
[BlackElo "2340"]
[PlyCount "104"]
[EventDate "2009.09.26"]

1. e4 c5 2. Nf3 a6 3. g3 d6 4. Bg2 Nf6 5. d3 Nc6 6. O-O g6 7. c3 Bg7 8. h3 O-O
9. Be3 Bd7 10. Nh2 Qc8 11. g4 h5 12. g5 Ne8 13. h4 e5 14. Na3 b5 15. Nc2 Nc7
16. f4 exf4 17. Bxf4 Be5 18. d4 Bxf4 19. Rxf4 Ra7 20. Rf6 Ne8 21. Qd2 Bh3 22.
Bh1 Rc7 23. Ne3 Ne7 24. e5 cxd4 25. cxd4 dxe5 26. dxe5 Rd7 27. Qf2 Qc5 28. Rf3
Be6 29. Re1 Ng7 30. Nhf1 Ngf5 31. Bg2 Rfd8 32. Bh3 Qb4 33. Nxf5 Nxf5 34. Bxf5
Bxf5 35. Ne3 Be6 36. a3 Qc5 37. Re2 Qxe5 38. Rf6 Rd4 39. Ng2 Rd1+ 40. Ne1 Qd4
41. Rexe6 Qxf2+ 42. Kxf2 fxe6 43. Rxg6+ Kf7 44. Rf6+ Ke7 45. Nf3 Rf8 46. Rxf8
Kxf8 47. Ke3 Rb1 48. Nd4 Kf7 49. b3 Ra1 50. Nc2 Rh1 51. Nb4 Rxh4 52. Nxa6 Rh3+
0-1

[Event "Campeonato de España Individual"]
[Site "Cala Major-Palma de Mallorca"]
[Date "2009.09.27"]
[Round "2.27"]
[White "Fernandez Siles, Luis"]
[Black "Fernandez Calzada, Juan A"]
[Result "1-0"]
[WhiteElo "2334"]
[BlackElo "1895"]
[PlyCount "45"]
[EventDate "2009.09.26"]

1. d4 d5 2. c4 c6 3. Nc3 Bf5 4. Qb3 Qd7 5. cxd5 e6 6. e4 Bg6 7. dxe6 fxe6 8.
Nf3 Nf6 9. Ne5 Qe7 10. Bg5 Bf7 11. Nxf7 Qxf7 12. Bc4 Na6 13. Bxe6 Qc7 14. e5 h6
15. Be3 Nd7 16. Bf7+ Kd8 17. O-O Nb6 18. a3 Nb8 19. Rfd1 N8d7 20. Rac1 Kc8 21.
Ne2 Kb8 22. Bf4 g5 23. Bg3 1-0

[Event "Campeonato de España Individual"]
[Site "Cala Major-Palma de Mallorca"]
[Date "2009.09.27"]
[Round "2.28"]
[White "Khamrakulov, Ibragim S"]
[Black "Sabater Sanchez, Asensio"]
[Result "1/2-1/2"]
[WhiteElo "2554"]
[BlackElo "2211"]
[PlyCount "107"]
[EventDate "2009.09.26"]

1. e4 e5 2. Nf3 Nc6 3. Bc4 Bc5 4. O-O Nf6 5. d3 O-O 6. c3 d6 7. h3 h6 8. Bb3 a6
9. Re1 Be6 10. Nbd2 Bxb3 11. axb3 Re8 12. Nc4 d5 13. exd5 Qxd5 14. Be3 Rad8 15.
Bxc5 Qxc5 16. Qc2 Qd5 17. Rad1 Nh5 18. Ne3 Qc5 19. b4 Qd6 20. d4 exd4 21. Nxd4
Nxd4 22. Rxd4 Qe7 23. Red1 Rxd4 24. Rxd4 Nf6 25. Qd3 g6 26. b5 axb5 27. Qxb5 b6
28. Qc6 Rd8 29. Rc4 Rd7 30. Ra4 Kg7 31. h4 h5 32. Rc4 Qe6 33. Qxe6 fxe6 34. Rc6
Re7 35. Kf1 Kf7 36. Ke2 Ke8 37. Nc4 Ng4 38. b4 Kd7 39. b5 Rf7 40. f3 Rf5 41.
Nxb6+ cxb6 42. fxg4 Rxb5 43. Rc4 Kd6 44. Kf3 Ke5 45. Re4+ Kf6 46. g5+ Kf5 47.
Rf4+ Ke5 48. g4 hxg4+ 49. Kxg4 Rc5 50. c4 b5 51. cxb5 Rxb5 52. Rc4 Rb1 53. Rc5+
Ke4 54. Rc4+ 1/2-1/2

[Event "Campeonato de España Individual"]
[Site "Cala Major-Palma de Mallorca"]
[Date "2009.09.27"]
[Round "2.29"]
[White "Alemany Jara, Alejandro"]
[Black "Estremera Panos, Sergio"]
[Result "0-1"]
[WhiteElo "1766"]
[BlackElo "2402"]
[PlyCount "56"]
[EventDate "2009.09.26"]

1. d4 Nf6 2. Nf3 c5 3. c3 e6 4. Bg5 cxd4 5. cxd4 Qb6 6. Qc2 Nc6 7. e3 d5 8. Nc3
Bd7 9. Be2 Rc8 10. Qd2 Ne4 11. Qc1 Bb4 12. O-O Na5 13. Rb1 f6 14. Bh4 Bxc3 15.
bxc3 Nxc3 16. Rxb6 Nxe2+ 17. Kh1 Nxc1 18. Rb1 Ne2 19. Rfe1 Rc2 20. a3 Kf7 21.
Rf1 Rhc8 22. Ne1 Rc1 23. Nf3 Rxf1+ 24. Rxf1 Rc1 25. Rxc1 Nxc1 26. Nd2 Nc4 27.
Nb1 Ne2 28. Bg3 Ba4 0-1

[Event "Campeonato de España Individual"]
[Site "Cala Major-Palma de Mallorca"]
[Date "2009.09.27"]
[Round "2.30"]
[White "Abadia Pascual, Luis"]
[Black "Serrano Bozada, Esteban"]
[Result "1/2-1/2"]
[WhiteElo "1958"]
[BlackElo "2217"]
[PlyCount "86"]
[EventDate "2009.09.26"]

1. e4 e6 2. d4 d5 3. Nc3 Bb4 4. exd5 exd5 5. Bd3 Nc6 6. a3 Bd6 7. Nge2 Nge7 8.
O-O Bg4 9. f3 Bh5 10. Nb5 Bg6 11. Nxd6+ Qxd6 12. Bf4 Qd7 13. c3 O-O-O 14. b4
Bxd3 15. Qxd3 f6 16. a4 g5 17. Bd2 Rde8 18. a5 Qf5 19. Nc1 Qxd3 20. Nxd3 Nf5
21. Rfe1 b6 22. axb6 axb6 23. Kf2 h5 24. Ra8+ Kd7 25. Raxe8 Rxe8 26. Rxe8 Kxe8
27. Ke2 Kd7 28. Nf2 Na7 29. Nd1 Nb5 30. Be1 Nbd6 31. Ne3 Nxe3 32. Kxe3 Ke6 33.
Kd3 Nf5 34. Ke2 c6 35. Bf2 h4 36. Kd3 Ne7 37. Ke3 Kf5 38. Kd3 Ng6 39. Ke3 g4
40. fxg4+ Kxg4 41. h3+ Kg5 42. Kf3 Nf8 43. Be3+ Kf5 1/2-1/2

[Event "Campeonato de España Individual"]
[Site "Cala Major-Palma de Mallorca"]
[Date "2009.09.27"]
[Round "2.32"]
[White "Moreno Mateos, Jose Luis"]
[Black "Diaz Rodriguez, Jose Antonio"]
[Result "0-1"]
[WhiteElo "1908"]
[BlackElo "2121"]
[PlyCount "80"]
[EventDate "2009.09.26"]

1. e4 c5 2. Nc3 Nc6 3. f4 g6 4. Nf3 Bg7 5. Bb5 Nd4 6. O-O Nxb5 7. Nxb5 Nf6 8.
d3 O-O 9. Qe1 d6 10. Qh4 c4 11. Nc3 b5 12. e5 dxe5 13. fxe5 b4 14. Ne4 Nxe4 15.
Qxe4 cxd3 16. Qxa8 Qb6+ 17. Kh1 Bb7 18. Be3 Rxa8 19. Bxb6 axb6 20. cxd3 Rd8 21.
Rae1 Rxd3 22. e6 f6 23. Rd1 Rd5 24. a3 f5 25. Rxd5 Bxd5 26. Rd1 Bxe6 27. Ng5
Bc4 28. Rd8+ Bf8 29. Nxh7 Kxh7 30. Rxf8 bxa3 31. bxa3 Kg7 32. Rb8 b5 33. Rb7
Kf6 34. Rc7 Bd3 35. Kg1 e5 36. Kf2 f4 37. Kf3 g5 38. Rc6+ Kf5 39. g4+ fxg3 40.
hxg3 Be4+ 0-1

[Event "Campeonato de España Individual"]
[Site "Cala Major-Palma de Mallorca"]
[Date "2009.09.27"]
[Round "2.33"]
[White "Lorente Penalba, Diego"]
[Black "Figuerola Campins, Antonio"]
[Result "1-0"]
[WhiteElo "2120"]
[BlackElo "1904"]
[PlyCount "49"]
[EventDate "2009.09.26"]

1. e4 c5 2. Nf3 g6 3. d4 cxd4 4. Nxd4 Bg7 5. Be3 Nc6 6. Nc3 Nf6 7. Bc4 O-O 8.
Bb3 Ng4 9. Nxc6 Nxe3 10. Nxd8 Nxd1 11. Rxd1 Rxd8 12. Nd5 Kf8 13. c3 d6 14. O-O
Bd7 15. f4 f5 16. exf5 Bxf5 17. Ne3 h5 18. Nxf5 gxf5 19. Be6 Bf6 20. Rd5 Kg7
21. Rxf5 Rh8 22. Rf3 h4 23. g4 hxg3 24. Rxg3+ Kf8 25. Rh5 1-0

[Event "Campeonato de España Individual"]
[Site "Cala Major-Palma de Mallorca"]
[Date "2009.09.27"]
[Round "2.34"]
[White "Aguilo Pons, Francesc"]
[Black "Pons Servera, Cristobal"]
[Result "0-1"]
[WhiteElo "1899"]
[BlackElo "2119"]
[PlyCount "38"]
[EventDate "2009.09.26"]

1. e4 d6 2. d4 Nf6 3. Nc3 g6 4. f3 Bg7 5. Be3 c6 6. Bc4 b5 7. Bb3 Nbd7 8. Qd2
b4 9. Na4 a5 10. O-O-O Qc7 11. Ne2 O-O 12. Bf4 e5 13. dxe5 dxe5 14. Be3 c5 15.
Qd6 Qxd6 16. Rxd6 Ba6 17. Nxc5 Nxc5 18. Bxc5 Rfc8 19. Be3 a4 0-1

[Event "Campeonato de España Individual"]
[Site "Cala Major-Palma de Mallorca"]
[Date "2009.09.27"]
[Round "2.37"]
[White "Caliz Morales, Felipe"]
[Black "Veganzones Rojo, David"]
[Result "0-1"]
[WhiteElo "1885"]
[BlackElo "2100"]
[PlyCount "114"]
[EventDate "2009.09.26"]

1. e4 c6 2. d4 d5 3. Nd2 dxe4 4. Nxe4 Nd7 5. Nf3 Ngf6 6. Ng3 e6 7. Bc4 Bd6 8.
Qe2 Nb6 9. Bb3 O-O 10. Ne4 Be7 11. O-O Qc7 12. c4 Rd8 13. Nxf6+ Bxf6 14. Qe4 c5
15. Bf4 Qe7 16. dxc5 Qxc5 17. Rad1 Qc6 18. Rxd8+ Bxd8 19. Qd3 Bf6 20. Bg5 Nd7
21. Bc2 g6 22. Bxf6 Nxf6 23. Qd8+ Kg7 24. Rd1 b6 25. Ng5 Bb7 26. Nxe6+ Qxe6 27.
Qd4 Qc6 28. f3 Qc5 29. Kf1 Qxd4 30. Rxd4 Rc8 31. b3 Rc7 32. Rd8 Nd7 33. Re8 a5
34. Ke1 Nc5 35. Re3 Ne6 36. Be4 Bxe4 37. Rxe4 Rd7 38. Ke2 Rd6 39. Ke1 f5 40.
Re2 Kf6 41. Rd2 Nd4 42. Rd3 Nc2+ 43. Kd2 Rxd3+ 44. Kxd3 Nb4+ 45. Kd4 Nxa2 46.
c5 bxc5+ 47. Kxc5 Nc1 48. Kc4 Ke5 49. Kc3 Kf4 50. Kb2 Nxb3 51. Kxb3 h5 52. Ka4
h4 53. Kxa5 h3 54. gxh3 Kxf3 55. Kb4 Kg2 56. h4 f4 57. Kc3 f3 0-1

[Event "Campeonato de España Individual"]
[Site "Cala Major-Palma de Mallorca"]
[Date "2009.09.27"]
[Round "2.39"]
[White "Trillo-Figueroa Vidal, Antonio"]
[Black "Revilla Rio, Francisco"]
[Result "0-1"]
[WhiteElo "1838"]
[BlackElo "2094"]
[PlyCount "84"]
[EventDate "2009.09.26"]

1. e4 c6 2. d4 d5 3. Nc3 g6 4. Nf3 Bg7 5. e5 f6 6. exf6 exf6 7. Be2 Ne7 8. O-O
O-O 9. Bf4 Nf5 10. Qd2 g5 11. Bg3 Nd6 12. Bxd6 Qxd6 13. Rad1 Bf5 14. h3 Nd7 15.
Bd3 Bxd3 16. Qxd3 Rfe8 17. Rfe1 Nf8 18. Re3 Re6 19. Rde1 Rae8 20. a3 Ng6 21. g3
Kf7 22. Rxe6 Rxe6 23. Qf5 Rxe1+ 24. Nxe1 Qe6 25. Qxe6+ Kxe6 26. Nd3 b6 27. Kg2
f5 28. Ne2 Kd6 29. c3 c5 30. dxc5+ bxc5 31. f4 h6 32. fxg5 hxg5 33. Kf2 d4 34.
c4 a5 35. a4 Ne5 36. Nec1 Nxc4 37. Nb3 Kd5 38. Nbxc5 Nxb2 39. Nxb2 Kxc5 40. Ke2
Kb4 41. Kd2 Kb3 42. Kc1 f4 0-1

[Event "Campeonato de España Individual"]
[Site "Cala Major-Palma de Mallorca"]
[Date "2009.09.27"]
[Round "2.40"]
[White "Valls Casas, Jordi"]
[Black "Rodriguez Varela, Alvaro"]
[Result "1-0"]
[WhiteElo "2094"]
[BlackElo "1805"]
[PlyCount "53"]
[EventDate "2009.09.26"]

1. d4 f5 2. c4 Nf6 3. Nc3 g6 4. h4 Bg7 5. h5 O-O 6. hxg6 hxg6 7. Bg5 d6 8. Nf3
c6 9. Qd2 Ng4 10. Nh4 Qe8 11. f3 Nf6 12. Bh6 Qf7 13. Qg5 Bxh6 14. Qxh6 Qg7 15.
Qxg6 e6 16. e3 Bd7 17. Bd3 Be8 18. Qxg7+ Kxg7 19. O-O-O Nbd7 20. Bxf5 exf5 21.
Nxf5+ Kg6 22. Nxd6 b6 23. e4 Bf7 24. Rh3 Be6 25. Rg3+ Kh6 26. d5 cxd5 27. cxd5
1-0

[Event "Campeonato de España Individual"]
[Site "Cala Major-Palma de Mallorca"]
[Date "2009.09.27"]
[Round "2.41"]
[White "Ensenat Calafell, Jose Luis"]
[Black "Garcia Rodriguez, Victor"]
[Result "0-1"]
[WhiteElo "1810"]
[BlackElo "2086"]
[PlyCount "66"]
[EventDate "2009.09.26"]

1. e4 e5 2. Nf3 Nc6 3. Bb5 a6 4. Ba4 Nf6 5. Qe2 b5 6. Bb3 Be7 7. c3 d6 8. O-O
O-O 9. Rd1 Na5 10. Bc2 Bg4 11. d4 Nd7 12. Nbd2 Bf6 13. Nf1 c5 14. d5 Bxf3 15.
Qxf3 Bg5 16. Ne3 g6 17. Ng4 Bxc1 18. Raxc1 Qg5 19. Qh3 Ra7 20. Rf1 Nc4 21. b3
h5 22. Ne3 Nxe3 23. fxe3 Kg7 24. Qf3 Nf6 25. h3 h4 26. Rf2 Nh5 27. Re1 Ng3 28.
Kh2 f5 29. exf5 gxf5 30. Kg1 Raf7 31. a4 e4 32. Qf4 Qf6 33. Rd1 Nh5 0-1

[Event "Campeonato de España Individual"]
[Site "Cala Major-Palma de Mallorca"]
[Date "2009.09.27"]
[Round "2.42"]
[White "Gelabert Mari, Llorenç"]
[Black "Sanchez Garcia, Julio"]
[Result "1-0"]
[WhiteElo "2083"]
[BlackElo "1747"]
[PlyCount "93"]
[EventDate "2009.09.26"]

1. e4 e6 2. d4 d5 3. exd5 exd5 4. Qf3 Nc6 5. c3 Be6 6. Bd3 Bd6 7. Ne2 Qd7 8.
Bf4 Bf5 9. Qe3+ Nge7 10. Bxd6 cxd6 11. Nf4 Bxd3 12. Qxd3 Qg4 13. g3 O-O 14. O-O
a6 15. Nd2 Nd8 16. h3 Qg5 17. Rae1 Ndc6 18. Re2 Rac8 19. Rfe1 Ng6 20. Ng2 f5
21. f4 Qd8 22. Qf3 Qa5 23. a3 Qb5 24. Nf1 Na5 25. h4 Rf7 26. h5 Nf8 27. Nfe3
Re8 28. Qxd5 Qxd5 29. Nxd5 Rxe2 30. Rxe2 Nd7 31. Re8+ Rf8 32. Ne7+ Kf7 33.
Rxf8+ Kxf8 34. Nxf5 d5 35. Nge3 Nf6 36. h6 g6 37. Nh4 Ng8 38. Nxg6+ Kf7 39.
Ne5+ Ke6 40. f5+ Kf6 41. g4 Ne7 42. Nf3 Nc4 43. g5+ Kf7 44. Ne5+ Kf8 45. f6
Nxe3 46. fxe7+ Kxe7 47. g6 1-0

[Event "Campeonato de España Individual"]
[Site "Cala Major-Palma de Mallorca"]
[Date "2009.09.27"]
[Round "2.44"]
[White "Machin Arbelo, Pedro Alexis"]
[Black "Matas Artigues, Josep"]
[Result "1-0"]
[WhiteElo "2052"]
[BlackElo "1716"]
[PlyCount "83"]
[EventDate "2009.09.26"]

1. e4 c5 2. Nf3 Nc6 3. c3 Nf6 4. e5 Nd5 5. Bc4 Nb6 6. Bb5 Qc7 7. d4 c4 8. Nbd2
e6 9. Nxc4 Nxc4 10. Bxc4 Na5 11. Bd3 b6 12. O-O Bb7 13. Re1 Be7 14. Bd2 Nc4 15.
Qb3 Na5 16. Qd1 Nc4 17. Qb3 Na5 18. Qc2 Bxf3 19. gxf3 O-O-O 20. b4 Nc6 21. a4
d5 22. a5 b5 23. Bxb5 Nxd4 24. Ba6+ Kb8 25. Qd3 Nb3 26. Rab1 Nxd2 27. Qxd2 Qc6
28. b5 Qc4 29. Qd4 Bc5 30. Qxc4 dxc4 31. Re4 Rd2 32. Rf1 Rhd8 33. Rxc4 R8d5 34.
Rf4 Rxe5 35. Rxf7 Rg5+ 36. Kh1 Bxf2 37. Rb7+ Ka8 38. Rc7 Rd8 39. b6 axb6 40.
Rxf2 Rxa5 41. Rc8+ Rxc8 42. Bxc8 1-0

[Event "Campeonato de España Individual"]
[Site "Cala Major-Palma de Mallorca"]
[Date "2009.09.27"]
[Round "2.45"]
[White "Shen, Yue"]
[Black "Bordes Ibanez, Juan"]
[Result "0-1"]
[WhiteElo "1791"]
[BlackElo "2046"]
[PlyCount "78"]
[EventDate "2009.09.26"]

1. e4 e6 2. d4 d5 3. Nd2 c5 4. c3 Nf6 5. e5 Nfd7 6. Bd3 Nc6 7. Ndf3 Be7 8. Nh3
Qb6 9. Bc2 h6 10. a3 a5 11. O-O g5 12. g4 Nf8 13. Kh1 Bd7 14. Be3 Qxb2 15. Qd2
Qb6 16. Rfb1 Qa7 17. dxc5 Bxc5 18. Bxc5 Qxc5 19. Rxb7 Ng6 20. Bxg6 fxg6 21. Qd3
Ne7 22. Qd4 Rc8 23. Rb8 O-O 24. Qxc5 Rxc5 25. Rb7 Rxf3 26. Rxd7 Nc6 27. Kg2
Rcxc3 28. Ng1 Rf7 29. Rd6 Nxe5 30. Rxe6 Nxg4 31. f3 Nf6 32. Ra6 Rc2+ 33. Kf1
Rxh2 34. Rxa5 g4 35. f4 Ne4 36. Rc1 Rxf4+ 37. Ke1 Nf6 38. Rc7 Re4+ 39. Kd1 Rh1
0-1

[Event "Campeonato de España Individual"]
[Site "Cala Major-Palma de Mallorca"]
[Date "2009.09.27"]
[Round "2.46"]
[White "Sarto Ramos, Angel"]
[Black "Castell Cantero, Jose Juan"]
[Result "1-0"]
[WhiteElo "2037"]
[BlackElo "1577"]
[PlyCount "71"]
[EventDate "2009.09.26"]

1. d4 Nf6 2. Nf3 g6 3. Nc3 d5 4. Bg5 Nbd7 5. Qd3 a6 6. Ne5 Bg7 7. h3 b6 8. Nc6
Bb7 9. Nxd8 Rxd8 10. f3 O-O 11. e4 Rfe8 12. e5 Nh5 13. g4 Ng3 14. Rg1 f6 15.
Rxg3 fxg5 16. Qe3 Nf8 17. Qxg5 Ne6 18. Qe3 c5 19. Ne2 Rf8 20. c3 Rf7 21. h4
Rdf8 22. g5 Nd8 23. Bh3 e6 24. Bg4 Bc8 25. f4 Nc6 26. O-O-O Ne7 27. h5 Nf5 28.
Bxf5 exf5 29. h6 Bh8 30. dxc5 Be6 31. Nd4 Bd7 32. cxb6 Rb8 33. Nb3 Bb5 34. a4
d4 35. Nxd4 Bc4 36. a5 1-0

[Event "Campeonato de España Individual"]
[Site "Cala Major-Palma de Mallorca"]
[Date "2009.09.27"]
[Round "2.47"]
[White "Lewandowski, Richard"]
[Black "Navarrete Terrasa, Sebastian"]
[Result "0-1"]
[WhiteElo "1685"]
[BlackElo "2019"]
[PlyCount "60"]
[EventDate "2009.09.26"]

1. d4 Nf6 2. c4 c5 3. d5 e5 4. Bg5 d6 5. Nc3 Be7 6. Bxf6 Bxf6 7. e4 Nd7 8. Nf3
O-O 9. Be2 Be7 10. O-O Nf6 11. h3 Ne8 12. Qc2 g6 13. Rac1 Bg5 14. Nxg5 Qxg5 15.
Kh1 f5 16. exf5 gxf5 17. Qd3 Kh8 18. Rcd1 Rg8 19. Rg1 Nf6 20. Qd2 Qh4 21. Qe1
Ng4 22. Rf1 Qh6 23. Qd2 f4 24. Bf3 Nf6 25. Kh2 Bf5 26. Rfe1 Qg6 27. Rg1 Rae8
28. Rde1 a6 29. a3 e4 30. Bd1 e3 0-1

[Event "Campeonato de España Individual"]
[Site "Cala Major-Palma de Mallorca"]
[Date "2009.09.28"]
[Round "3.3"]
[White "Del Rio de Angelis, Salvador Gabriel"]
[Black "Vassallo Barroche, Mauricio"]
[Result "1-0"]
[WhiteElo "2559"]
[BlackElo "2411"]
[PlyCount "73"]
[EventDate "2009.09.26"]

1. d4 Nf6 2. c4 e6 3. Nc3 Bb4 4. e3 O-O 5. Bd3 d5 6. Nf3 c5 7. O-O Nc6 8. a3
Bxc3 9. bxc3 Qc7 10. Bb2 dxc4 11. Bxc4 e5 12. h3 e4 13. Nd2 Na5 14. Ba2 Be6 15.
c4 cxd4 16. Bxd4 Rfd8 17. Qe2 Ne8 18. Rac1 Qe7 19. Nxe4 Bxh3 20. Ng3 Be6 21. c5
Nc6 22. Bb1 Qh4 23. Ba1 Rd7 24. Nf5 Bxf5 25. Bxf5 Re7 26. Rc4 Qg5 27. Bb1 Re6
28. f4 Qe7 29. e4 Rh6 30. Qf2 Rd8 31. e5 Nc7 32. Rcc1 Ne6 33. Rcd1 Rxd1 34.
Rxd1 Qxc5 35. Qxc5 Nxc5 36. Bc3 a5 37. Bxa5 1-0

[Event "Campeonato de España Individual"]
[Site "Cala Major-Palma de Mallorca"]
[Date "2009.09.28"]
[Round "3.4"]
[White "Hernandez Gallardo, Fco Javier"]
[Black "Arizmendi Martinez, Julen Luis"]
[Result "1/2-1/2"]
[WhiteElo "2360"]
[BlackElo "2532"]
[PlyCount "34"]
[EventDate "2009.09.26"]

1. e4 e6 2. d4 d5 3. Nc3 Bb4 4. exd5 exd5 5. Bd3 Nc6 6. a3 Bxc3+ 7. bxc3 Be6 8.
Rb1 b6 9. Qf3 Qd7 10. Ne2 Nge7 11. a4 Bf5 12. O-O O-O 13. Ba3 Rfe8 14. Nf4 Bg4
15. Qg3 Bf5 16. Qf3 Bg4 17. Qg3 Bf5 1/2-1/2

[Event "Campeonato de España Individual"]
[Site "Cala Major-Palma de Mallorca"]
[Date "2009.09.28"]
[Round "3.5"]
[White "Cabrera Pino, Alexis"]
[Black "Camacho Collados, Jose"]
[Result "1-0"]
[WhiteElo "2529"]
[BlackElo "2231"]
[PlyCount "75"]
[EventDate "2009.09.26"]

1. e4 e5 2. Nf3 Nf6 3. d4 Nxe4 4. dxe5 d5 5. Nbd2 Nc6 6. Bb5 Bg4 7. h3 Bh5 8.
Qe2 Nxd2 9. Bxd2 Bc5 10. O-O-O O-O 11. g4 Bg6 12. Bg5 Be7 13. h4 Nb4 14. a3
Nxc2 15. Rd2 c6 16. Bd3 Nxa3 17. bxa3 Bxa3+ 18. Kd1 Qb6 19. h5 Qb3+ 20. Ke1 Be4
21. Kf1 Bb4 22. Rd1 Rae8 23. Kg2 Rxe5 24. Bf4 Ree8 25. Qf1 c5 26. Rh3 f5 27.
Bxe4 dxe4 28. Nh4 Qc2 29. Nxf5 Qa4 30. Rc1 Qa2 31. Bd6 e3 32. Bxf8 e2 33. Qg1
Qd5+ 34. Rf3 e1=Q 35. Rxe1 Bxe1 36. Ne7+ Rxe7 37. Bxe7 Qe4 38. Qxe1 1-0

[Event "Campeonato de España Individual"]
[Site "Cala Major-Palma de Mallorca"]
[Date "2009.09.28"]
[Round "3.6"]
[White "Alvarez Fernandez, Enrique"]
[Black "Alonso Rosell, Alvar"]
[Result "1/2-1/2"]
[WhiteElo "2340"]
[BlackElo "2487"]
[PlyCount "103"]
[EventDate "2009.09.26"]

1. d4 Nf6 2. Nf3 e6 3. c4 d5 4. cxd5 exd5 5. Nc3 c6 6. Bg5 Be7 7. Qc2 Nbd7 8.
e3 O-O 9. Bd3 Re8 10. O-O Nf8 11. Bxf6 Bxf6 12. b4 Bg4 13. Nd2 Bh5 14. Rfc1 Rc8
15. Rab1 Bg6 16. Bxg6 hxg6 17. Qd3 Ne6 18. Nb3 g5 19. Na4 Qd6 20. Nbc5 b6 21.
Nxe6 Rxe6 22. Nc3 g6 23. Rc2 Kg7 24. g3 Ree8 25. Qd1 Qd7 26. Rbc1 Qd6 27. Qf3
Red8 28. a3 Qe6 29. Nd1 g4 30. Qg2 Rh8 31. Nc3 Rhd8 32. Ne2 Bg5 33. Nc3 Be7 34.
Ne2 Bg5 35. Rc3 Rh8 36. R1c2 f5 37. Nc1 Bf6 38. Nd3 g5 39. Rc1 Kg6 40. R3c2 Kg7
41. b5 cxb5 42. Rxc8 Rxc8 43. Rxc8 Qxc8 44. Qxd5 a6 45. Kg2 Kg6 46. Qd6 Kg7 47.
Nb4 Qe8 48. Qc7+ Qe7 49. Qxb6 Qe4+ 50. Kg1 Qb1+ 51. Kg2 Qe4+ 52. Kg1 1/2-1/2

[Event "Campeonato de España Individual"]
[Site "Cala Major-Palma de Mallorca"]
[Date "2009.09.28"]
[Round "3.7"]
[White "Cacho Reigadas, Sergio"]
[Black "Mascaro March, Pedro"]
[Result "0-1"]
[WhiteElo "2484"]
[BlackElo "2369"]
[PlyCount "92"]
[EventDate "2009.09.26"]

1. c4 e6 2. Nc3 d5 3. d4 Nf6 4. cxd5 exd5 5. Bg5 Be7 6. e3 c6 7. Bd3 O-O 8. Qc2
Nbd7 9. Nf3 Re8 10. h3 Nf8 11. O-O-O Be6 12. Kb1 Rc8 13. g4 a6 14. Bxf6 Bxf6
15. Na4 Rc7 16. Rc1 g6 17. Rhg1 Bg7 18. h4 Bc8 19. g5 Ne6 20. h5 Qe7 21. Nc5 b6
22. Na4 c5 23. Nxb6 Bb7 24. dxc5 Rxc5 25. Qd2 Rb8 26. Na4 Bc6 27. h6 Bh8 28.
Nxc5 Rxb2+ 29. Qxb2 Bxb2 30. Kxb2 Nxc5 31. Ka1 Nb3+ 32. Kb2 Nxc1 33. Rxc1 f6
34. Nd4 Bd7 35. Rc7 fxg5 36. Bc2 Qd8 37. Rc3 Qb8+ 38. Rb3 Qc7 39. Rc3 Qh2 40.
Bb3 Qxf2+ 41. Nc2 Kf8 42. Bxd5 g4 43. Rc4 g5 44. Rc7 Ke8 45. Ra7 g3 46. Ra8+
Ke7 0-1

[Event "Campeonato de España Individual"]
[Site "Cala Major-Palma de Mallorca"]
[Date "2009.09.28"]
[Round "3.8"]
[White "Menvielle Laccourreye, Augusto"]
[Black "De La Villa Garcia, Jesus Maria"]
[Result "0-1"]
[WhiteElo "2254"]
[BlackElo "2481"]
[PlyCount "102"]
[EventDate "2009.09.26"]

1. e4 c5 2. Nf3 d6 3. c3 Nf6 4. Bd3 Nc6 5. O-O Bg4 6. h3 Bxf3 7. Qxf3 g6 8. Bb5
Qb6 9. Na3 Bg7 10. Re1 O-O 11. Bf1 a6 12. d3 Rab8 13. Qe2 Qc7 14. Bd2 b5 15.
Nc2 e6 16. Rac1 Qb6 17. Be3 Qb7 18. Bf4 Rbd8 19. d4 cxd4 20. Nxd4 Nh5 21. Bg5
Nxd4 22. cxd4 Bf6 23. Bxf6 Nxf6 24. Qf3 Kg7 25. Bd3 e5 26. Qe3 Rc8 27. Rxc8
Rxc8 28. f4 Qb6 29. fxe5 dxe5 30. d5 Qd6 31. Rf1 h5 32. g3 b4 33. Kg2 Rc7 34.
Qe2 a5 35. Bb5 Ra7 36. Qe3 Rc7 37. Bc6 a4 38. Kf3 a3 39. bxa3 bxa3 40. Rb1 Rc8
41. Rb7 Rb8 42. Rxb8 Qxb8 43. Qxa3 Qb1 44. d6 Qf1+ 45. Ke3 Qe1+ 46. Kf3 Qf1+
47. Ke3 h4 48. Qd3 Qc1+ 49. Kf3 Qxc6 50. gxh4 Qd7 51. Kg2 Nh5 0-1

[Event "Campeonato de España Individual"]
[Site "Cala Major-Palma de Mallorca"]
[Date "2009.09.28"]
[Round "3.9"]
[White "Almagro Llamas, Pablo"]
[Black "Fernandez Siles, Luis"]
[Result "1/2-1/2"]
[WhiteElo "2470"]
[BlackElo "2334"]
[PlyCount "141"]
[EventDate "2009.09.26"]

1. e4 e5 2. Nf3 Nc6 3. Bb5 a6 4. Ba4 Nf6 5. O-O Be7 6. Bxc6 dxc6 7. Qe1 Nd7 8.
b3 c5 9. Bb2 Bd6 10. a4 O-O 11. d3 Re8 12. Nbd2 Nb8 13. Nc4 Nc6 14. h3 Qf6 15.
Nfd2 Qg6 16. Kh1 Qh6 17. Qe3 Qxe3 18. Nxe3 Be6 19. a5 b5 20. axb6 cxb6 21. Ndc4
Bxc4 22. dxc4 a5 23. Rfd1 Red8 24. Rd5 Ne7 25. Rd2 Bc7 26. Rad1 Rxd2 27. Rxd2
Kf8 28. Rd7 Rc8 29. Nd5 Nxd5 30. Rxd5 Re8 31. h4 f6 32. g3 Ke7 33. Kg2 Ra8 34.
Rd1 Rd8 35. Rxd8 Kxd8 36. h5 Ke7 37. Kf3 Ke6 38. Bc1 g5 39. hxg6 hxg6 40. Ke3
g5 41. Kf3 Bd8 42. Kg4 Be7 43. Kh5 Kf7 44. f4 gxf4 45. gxf4 Bd6 46. f5 Bf8 47.
Bh6 Bg7 48. Bd2 Bf8 49. Be3 Bd6 50. Kg4 Bf8 51. Kf3 Ke8 52. Ke2 Kd7 53. Kd3 Kc6
54. Bd2 Kd7 55. Kc3 Kc6 56. Kd3 Kd7 57. Be1 Be7 58. Kc3 Kc6 59. Kb2 Kb7 60. Ka3
Kc6 61. Ka4 Bf8 62. Bd2 Bg7 63. c3 Bf8 64. Be1 Be7 65. Bh4 Bd8 66. Bf2 Be7 67.
Be3 Bf8 68. Bd2 Bg7 69. b4 axb4 70. cxb4 Bf8 71. b5+ 1/2-1/2

[Event "Campeonato de España Individual"]
[Site "Cala Major-Palma de Mallorca"]
[Date "2009.09.28"]
[Round "3.11"]
[White "Gutierrez Castillo, Oscar"]
[Black "Garza Marco, Sergio"]
[Result "0-1"]
[WhiteElo "2130"]
[BlackElo "2477"]
[PlyCount "76"]
[EventDate "2009.09.26"]

1. e4 c5 2. Nf3 a6 3. d4 cxd4 4. Nxd4 Nf6 5. Nc3 e5 6. Nb3 Bb4 7. Bd2 O-O 8.
Bd3 Nc6 9. O-O d6 10. a3 Bxc3 11. Bxc3 Be6 12. f4 exf4 13. Rxf4 Ne5 14. Nd4 Re8
15. Nf5 Bxf5 16. Rxf5 Nfd7 17. Qe1 Re6 18. Qg3 Rg6 19. Qh3 Qe7 20. Raf1 Qe6 21.
Be2 Rh6 22. Qg3 Rg6 23. Qh3 Nf6 24. Qh4 Re8 25. Qf4 Re7 26. Rd1 h6 27. Bb4 Nc4
28. e5 Ne3 29. Rxf6 Rxg2+ 30. Kh1 Qxe5 31. Qxe5 Rxe5 32. Bf3 gxf6 33. Bxd6 Nxd1
34. Kxg2 Rg5+ 35. Kh3 Nxb2 36. Bxb7 Nc4 37. Bf4 Ra5 38. Kg4 Kg7 0-1